Atlanta Hawks Retired Jerseys - Statistics

General Stats
  • This quiz has been taken 57 times
  • The average score is 4 of 5
Answer Stats
Jersey Answer Position # of Seasons % Correct
21 Dominique Wilkins SF 12
100%
55 Dikembe Mutombo C 5
89%
9 Bob Pettit PF 11
80%
44 Pete Maravich SG 4
57%
23 Lou Hudson SG 11
52%
No matching quizzes found
Score Distribution
Percent of People with Each Score
Percentile by Number Answered
Your Score History
You have not taken this quiz